000 00841nam a2200253 a 4500
001 57892
003 BD-RjUL
005 20211209080549.0
008 161212s1945 enk 001 0 eng
035 _a(BD-RjUL)58016
040 _aDLC
_cCarP
_dBD-RjUL
_beng
041 _aeng
082 _223
_a301.0973
_bHOS 1945
100 1 _aHofstadter, Richard,
_d1916-1970.
_9171954
245 1 0 _aSocial Darwinism in American thought, 1860-1915 /
_cRichard Hofstadter
260 _aLondon :
_bH. Milford, Oxford university press,
_c1944 [printing 1945]
300 _aviii. 191 p, ;
_c23 cm.
500 _aInclude index
650 0 _aEvolution.
_9171955
650 0 _aSociology
_zUnited States
_xHistory.
_9171956
710 2 _aAmerican historical association.
_bAlbert J. Beverdige memorial fund.
_9171957
942 _2ddc
_cBK
999 _c57892
_d57892